| 000 -LEADER |
| fixed length control field |
01212nam a2200217Ia 4500 |
| 003 - CONTROL NUMBER IDENTIFIER |
| control field |
OSt |
| 005 - DATE AND TIME OF LATEST TRANSACTION |
| control field |
20241003152208.0 |
| 007 - PHYSICAL DESCRIPTION FIXED FIELD--GENERAL INFORMATION |
| fixed length control field |
ca aa aaaaa |
| 008 - FIXED-LENGTH DATA ELEMENTS--GENERAL INFORMATION |
| fixed length control field |
201103s9999 xx 000 0 und d |
| 040 ## - CATALOGING SOURCE |
| Transcribing agency |
SSBUL |
| 041 ## - LANGUAGE CODE |
| Language code of text/sound track or separate title |
bur |
| 082 ## - DEWEY DECIMAL CLASSIFICATION NUMBER |
| Classification number |
၂၉၄.၃ လယ် |
| Item number |
၉၁၆၅ S-SAT |
| 100 0# - MAIN ENTRY--PERSONAL NAME |
| Personal name |
လယ်တီဆရာတော်ဘုရားကြီး |
| 245 10 - TITLE STATEMENT |
| Title |
လယ်တီဒီပနီပေါင်းချုပ်၊ ၃ ကျမ်းတွဲ၊ ဝိပဿနာဒီပနီ၊ နိယာမဒီပနီ၊ ပဋ္ဌာနုဒ္ဒေသဒီပနီ / |
| Statement of responsibility, etc. |
လယ်တီဆရာတော်ဘုရားကြီး၊ ဘာသာပြန်သူ ဆရာတော်အရှင် ဉာဏ။ |
| 260 ## - PUBLICATION, DISTRIBUTION, ETC. |
| Place of publication, distribution, etc. |
ရန်ကုန် ၊ |
| Name of publisher, distributor, etc. |
မိခင်ဧရာဝတီစာအုပ်တိုက်၊ |
| Date of publication, distribution, etc. |
၂၀၀၇။ |
| 300 ## - PHYSICAL DESCRIPTION |
| Extent |
၅၇၀ စာမျက်နှာ ၊ |
| Dimensions |
၂၃ စင်တီ။ |
| 500 ## - GENERAL NOTE |
| General note |
အင်္ဂလိပ်- မြန်မာနှစ်ဘာသာဖြင့်ရေးသားထားသည် |
|
| General note |
S-SAT: Dr. Sai Aung Tun |
| 650 ## - SUBJECT ADDED ENTRY--TOPICAL TERM |
| Topical term or geographic name entry element |
ဗုဒ္ဓဘာသာ |
| 942 ## - ADDED ENTRY ELEMENTS (KOHA) |
| Source of classification or shelving scheme |
|
| Koha item type |
Book (Short term) |